| 000 | 00777nam a2200205 a 4500 | ||
|---|---|---|---|
| 005 | 20140414132130.0 | ||
| 008 | 130604s19uu xx 00 eng d | ||
| 020 | _a0328688215 | ||
| 050 |
_aTR 372.4 _bF716 2011 |
||
| 100 | _aForesman, Scott | ||
| 245 | _aEnvision it! Visual skills handbook : Reading Street Grade 4.1. | ||
| 250 | _aStudent ed. | ||
| 260 |
_aUnited States : _bPearson Education, _c2011. |
||
| 300 | _a495 | ||
| 440 | _aReading Street | ||
| 520 | _aAuthor's purpose, Cause and effect, Classify and categorize, Compare and contrast, Draw conclusions, Fact and opinion, Generalize, Main idea and details, Graphic sources, Literary elements, Sequence, Steps in a process | ||
| 650 | _aReading- | ||
| 650 | _aReading-study and teaching | ||
| 999 |
_c115268 _d115268 |
||